Classificació decimal : adaptació per a les biblioteques catalanes / dirigida per Jordi Rubió i Balaguer adaptació per a les biblioteques catalanes / dirigida per Jordi Rubió i Balaguer
ISBN:
84-307-7331-2
Descripción Física:
236 p. ; 21 cm
Materias:
Classificació decimal
MARC
| LEADER | 00000nam a2200000Ia 4500 | ||
|---|---|---|---|
| 001 | 13210 | ||
| 008 | 160829s1976 xx 000 0 cat d | ||
| 020 | |a 84-307-7331-2 | ||
| 080 | |a A-2-98 | ||
| 245 | |a Classificació decimal : |b adaptació per a les biblioteques catalanes / dirigida per Jordi Rubió i Balaguer | ||
| 250 | |a 3a ed. | ||
| 260 | |a Barcelona : |b Teide, |c 1976 | ||
| 300 | |a 236 p. ; |c 21 cm | ||
| 650 | |a Classificació decimal |9 33478 | ||
| 700 | 1 | |a Rubió i Balaguer, Jordi, |d 1887-1982 |e director editorial |9 23533 | |
| 700 | |a Rubió i Lois, Jordi, dir. |9 33480 |e director editorial | ||
| 901 | |a Arxiu | ||
| 942 | |n 1 |2 udc | ||
| 952 | |0 0 |1 0 |4 0 |6 A298 |7 1 |9 46307 |a Arxiu |b Arxiu |d 2016-12-01 |l 0 |o A-2-98 |p 13210 |r 2016-12-01 00:00:00 |w 2016-12-01 |y ARXIU | ||
| 999 | |c 49814 |d 49814 | ||